01530cam a2200373 i 450000100090000000300090000900500170001800800410003501000170007602000180009302500230011103700640013404000230019804200150022104300120023605000230024808200100027110000350028124501470031624600730046325000170053626000350055330000230058850200060061150400570061760000340067461000320070865100500074090600450079094200120083599900190084795201450086695201450101118811222USPCAS-E20180118181423.0151008s2015 pk b 000 0deng  a 2015328127 a9789695623961 aP-E-2015328127; 15 bLibrary of Congress -- Islamabad Overseas OfficecRs 800.00 aDLCbengcDLCerda alcodeapcc aa-pk---00aDS384b.M2725 2015 aDS3841 aMalik, Nadeem Shafiq,eauthor.10aAir Marshal (Retd) Muhammad Asghar Khan, the Tehrik-i-Istiqlal and the politics of opposition in Pakistan, 1971-77 /cDr. Nadeem Shafiq Malik.30aTehrik-i-Istiqlal and the politics of opposition in Pakistan 1971-77 a1st edition. aLahore:bFiction House;cc2015 a188 pages ;c22 cm a. aIncludes bibliographical references (pages 184-188).20aAsghar Khan, Mohammad,d1921-20aTehrik-i-IstiqlalxHistory. 0aPakistanxPolitics and governmenty1971-1988. a7bcbccorigoded3encipf20gy-gencatlg 2ddccBK c356095d356095 00102ddc40708NFICaCAS-EbCAS-EcDISPLAYd2016-05-19eNUST, Main officeg800.00l0oDS384 2015pCAS-E0001532r2016-05-19w2016-05-19yBK 00102ddc40708NFICaCAS-EbCAS-EcDISPLAYd2016-05-19eNUST, Main officeg800.00l0oDS384 2015pCAS-E0001533r2016-05-19w2016-05-19yBK